000 00536nam a2200193 i 4500
001 23942
003 ES-MaACL
005 20230906152948.0
007 t|
008 021213s1908 fr ||||1| fre d
100 1 _aAndrade, J.
_921509
245 1 0 _aChronometrie /
_cpar J. Andrade.
260 _a[Saint Amand :
_bs.n.,
_c1908] (
_fBussiére)
300 _aXVI, 382 p. ;
_c18 x 12 cm.
490 1 _aEncyclopédie scientifique
830 0 _aEncyclopédie scientifique
_9180883
852 _aES-MaACL
_jD-4369
999 _c23942
_d23942